000 00667nam a2200241Ia 4500
003 OSt
005 20221005123042.0
006 a|||||r|||| 00| 0
007 ta
008 221004b |||||||| |||| 00| 0 urd d
020 _c150
024 _a9838
037 _b5543, 18/03/2009, Modern Publishing House
_cTextual
040 _aCRL
_cCRL
_burd
041 _2urd
_aurd
082 _aO168,3N14:g, N4
100 _aZiya Uddin
_9633065
245 0 _aKhwaja Ahmad abbas
260 _c1994
650 _aURDU LITERATURE
942 _hO168,3N14:g, N4
_cTEXL
_2cc
999 _c1046231
_d1046231